000 00846nam a2200277Ia 4500
999 _c3244
_d3244
001 24610
003 GBCCL
005 20241126110450.0
008 810409s1972 gaua 000 0 eng d
035 _a(OCoLC)07321171
040 _aNTM
_cNTM
049 _aLBBK
082 _a254.22
_bPOW
092 _bP886
100 1 _aPowell, William A.,
_d1964-
_96680
245 1 4 _aThe urban church survey manual /
_cby William A. Powell.
250 _aThird edition.
260 _aAtlanta, GA :
_bHome Mission Board of the Southern Baptist Convention,
_c1972.
300 _a165 p. :
_bill. ;
_c21 cm.
650 0 _aCanvassing (Church work)
_96681
650 0 _aTelephone in church work.
_96682
650 0 _aNon church-affiliated people.
_96683
650 0 _aVisitations (Church work)
_96684
650 0 _aEvangelistic work.
_9290
942 _2ddc
_cBK
_05